LEADER 01330nam a2200253 i 4500 001 000000032139 003 CaOOAMICUS 005 20180830125449.0 008 180830s1996 it u000 u ita u 040 $aSeMil$bita 100 1 $aTundo, Alessandro Federico.$0(OLS)http://semarc/name/14830 245 10$aProfili giuridici della repressione del manicheismo /$cStudente : Alessandro Federico Tundo ; Relatore : Chiar.mo Prof. Franco Gnoli, correlatore : Prof. Ferdinando Zuccotti. 260 $aMilano :$b[s.n.],$c1996. 300 $a2 v. (XII, 440, LIV p.) ;$c30 cm. 500 $aIn testa al front : Università degli Studi di Milano. Facoltà di Giurisprudenza. Tesi di Laurea in Diritto Romano. - Ai pie' del front : Anno Accademico 1995-1996. 650 4$aManicheismo.$0(OLS)http://semarc/subject/1798 650 4$aTesi di laurea.$0(OLS)http://semarc/subject/1690 700 1 $aZuccotti, Ferdinando.$0(OLS)http://semarc/name/14832 700 1 $aGnoli, Franco.$0(OLS)http://semarc/name/14831 710 2 $aUniversità degli Studi : Facoltà di Giurisprudenza.$0(OLS)http://semarc/name/8327 774 0 $t[1].$w()243358 774 0 $t[2].$w()243359 996 $6245$aProfili giuridici della repressione del manicheismo$9(OLS)http://semarc/title/43611 996 $6260$aMilano :$b[s.n.]$9(OLS)http://semarc/publisher/29709 LEADER 01145nam a2200229 i 4500 001 000000035606 003 CaOOAMICUS 005 20151028000000.0 008 151028s1897 it u000 u ita u 013 $a4076 040 $aSeMil$bita 100 1 $aBorromeo, Carlo,$c.$0(OLS)http://semarc/name/3012 245 10$aAlbum illustrato della vita di S. Ambrogio :$bpubblicato in occasione delle feste santambrosiane nella Chiesa di S. Ambrogio ad Nemus in Milano /$ccan. Carlo Borromeo. 260 $aMilano :$bSerafino Majocchi,$cstampa 1897. 300 $a93 p. :$bill. ;$c20 cm. 500 $aRipr. fotostatica. 650 4$aAmbrogio - Celebrativi.$0(OLS)http://semarc/subject/6556 850 $aSeMil 852 $aSeMil$W1$xVenegono$y1$m3G II 7 FA$j1761$B1761$CSeMilBibl$Z2$F1761 $8I 961 $aRecupero: Deposito 996 $6245$aAlbum illustrato della vita di S. Ambrogio :$bpubblicato in occasione delle feste santambrosiane nella Chiesa di S. Ambrogio ad Nemus in Milano$9(OLS)http://semarc/title/48867 996 $6260$aMilano :$bSerafino Majocchi$9(OLS)http://semarc/publisher/33118